| 000 | 00907nas a2200301 4500 | ||
|---|---|---|---|
| 001 | BR2013008365 | ||
| 003 | BR-BrBNA | ||
| 005 | 20231205123100.0 | ||
| 007 | ta | ||
| 008 | 230509b bl.|||p| |||| 00| 00por d | ||
| 040 |
_aBR-BrBNA _bpor _cBiblioteca Nacional de Agricultura |
||
| 041 | _a(Pt) | ||
| 072 | _aH10 | ||
| 100 | 1 | _aAraujo, E.L. | |
| 100 | 1 | _aRibeiro, J. da C. | |
| 100 | 1 | _aChagas, M.C.M. | |
| 100 | 1 | _aDutra, V.S. | |
| 100 | 1 | _aSilva, J.G. | |
| 245 | 1 | _aMoscas-das-frutas (Diptera: Tephiritidae)em um pomar de goiabeira no semiárido brasileiro | |
| 650 | _aGOIABA | ||
| 650 | _aPOMAR | ||
| 650 | _aPRAGA DE PLANTA | ||
| 650 | _aMOSCA DAS FRUTAS | ||
| 650 | _aPERDA DA PRODUÇÃO | ||
| 773 | 0 |
_tRevista Brasileira de Fruticultura (Brazil) _xISSN 0100-2945 _g(Jun 2013), v. 35(2) p. 471-476 _wBR2013008365 |
|
| 909 |
_a202311 _bLúcia _c55 _dLúcia Elande |
||
| 942 |
_2AGRIS _n0 _cANA |
||
| 999 |
_c232085 _d232085 |
||